000 00685nam a2200241Ia 4500
005 20260430150720.0
008 008 250103s9999 xx 000 0 eng d
037 _aTheses
040 _aCRL
040 _beng
040 _ceng
041 _2eng
041 _aeng
084 _qCRL
100 _aBansal Renu Au.; Maiti Dibyendu Gu.; Sinha Uday Bhanu Gu.
_91238278
245 0 _aCapital Inflows, Exports, and Formal Employment: Some Theoretical and Empirical Issues
260 _c2024
300 _a214p.
650 _aEconomics
700 _aUniversity of Delhi. Faculty of Social Sciences. Deptt. of Economics
_91238279
942 _cTH
999 _c1850450
_d1850450